00268 a2200121 4500001000700000020002200007040001100029100001600040240003900056245003400095300000800129362000900137192132 a978-85-260-2200-3 cMagnum aRey, Marcos10aOs cavaleiros da praga divinalpor10aOs cavaleiros da praga divina a1750 a2015